|
|
|
|
| LEADER |
00000cam a2200000 7i4500 |
| 001 |
0000071821 |
| 005 |
20120119093000.0 |
| 008 |
110327s2009 enk eng |
| 020 |
|
|
|a 020387997X (electronic bk.)
|
| 020 |
|
|
|a 9780203879979 (electronic bk.)
|
| 020 |
|
|
|a 9780415165754
|
| 050 |
0 |
0 |
|a JC71.A7
|b R625 2009
|
| 090 |
0 |
0 |
|a JC71.A7
|b R625 2009
|
| 100 |
1 |
|
|a Roberts, Jean ,
|e author
|
| 245 |
1 |
0 |
|a Routledge philosophy guidebook to Aristotle and the Politics [
|h electronic resource]
|c Jean Roberts
|
| 260 |
|
|
|a London;New York :
|b Routledge ,
|c c2009
|
| 300 |
|
|
|a 1 online resource (viii, 146 p.)
|
| 490 |
1 |
|
|a Routledge philosophy guidebooks
|
| 500 |
|
|
|a Description based on print version record
|
| 504 |
|
|
|a Includes bibliographical references (p [137]-141) and index
|
| 505 |
0 |
|
|a 1. Introduction --Ruling the household -- 2. Humans as political animals -- 3. Slavery -- 4. Wives -- 5. Wealth and the proper aims of ruling the household --Justice -- 6. Good citizens -- 7. Good constitutions -- 8. Friendship -- 9. The scope and aims of political philosophy -- 10. The best constitution -- 11. The best for most -- 12. The best for each -- 13. The preservation of all and any constitutions and regimes
|
| 520 |
|
|
|a Aristotle is one of the most important figures in Western thought and "Politics" contains some of our earliest ideas about democracy. This text on political theory and philosophy introduces and assesses: Aristotle's life and the background to "Politics"; the ideas and text of "Politics"; and, the importance of Aristotle's work to philosophy today
|
| 650 |
|
0 |
|a Political science
|
| 856 |
4 |
0 |
|3 NetLibrary
|u http://www.netlibrary.com/urlapi.asp?action=summary&v=1&bookid=270647
|
| 999 |
|
|
|a 1000138334
|b Electronic Resource
|c OPEN SHELF (30 DAYS)
|e Gong Badak Campus
|